000 00605nam a2200145Ia 4500
008 140724s9999 xx 000 0 und d
050 _aLC 4717
_b.P231 2012
100 _aPariñas, Renally Bianca D.
245 _aInfluence of birth order on the affection, aggression and rivalry of typically developing children toward their siblings with autism spectrum disorder /
_cRenally Bianca D. Pariñas.
260 _aLas Piñas, Philippines :
_bSouthville International School and Colleges,
_cc2012.
300 _a83 p. :
_bcol. ill. ;
_c28 cm.
521 _aSpecial Education
942 _cTH
999 _c229186
_d229186